| 000 | 03873nam a2200337 a 4500 | ||
|---|---|---|---|
| 003 | OSt | ||
| 005 | 20240906114705.0 | ||
| 007 | cr ||||||a|c|a | ||
| 008 | 240905s2024 mx a|||fom||| 001 0 spa d | ||
| 040 | _erda | ||
| 100 | 1 |
_aRivera Santiago, Hilda _9189549 |
|
| 245 | 1 | 0 |
_aEstimación de la rentabilidad del carbón vegetal, en el bosque de coníferas y encino, en La Región Sierra Norte de Puebla y Sierra Alta de Hidalgo / _cpor Hilda Rivera Santiago; director de tesis Gerónimo Barrios Puente; secretario José Luis Jolalpa Barrera; vocal Alejandro Alberto Miliano; suplente Ramón Gómez Castillo; suplente Evelina Álvarez González. |
| 264 | 1 |
_aChapingo, México : _bEl autor, _c2024. |
|
| 300 |
_a1 recurso en línea (98 páginas): _bfiguras, tablas. |
||
| 336 |
_2rdacontent _atexto _btxt |
||
| 337 |
_2rdamedia _acomputadora _bc |
||
| 338 |
_2rdacarrier _arecurso en línea _bcr |
||
| 502 |
_bIEA _cDICEA _d2024. _gLIC |
||
| 504 | _aIncluye referencias bibliográficas: páginas 68-74. | ||
| 520 | _aEl carbón vegetal es resultado de una combustión anaeróbica de la madera, es decir, es el residuo sólido que queda al realizar la “carbonización” de la madera bajo condiciones controladas, cabe mencionar que, este producto tiene un uso muy extenso, dado que, se utiliza en aspectos domésticos, así como industriales. Existen diferentes métodos de obtención de carbón vegetal, los cuales presentan diferentes características, entre ellas su estructura, el modo de uso y el nivel de inversión requerida, es importante mencionar que, esta actividad contribuye de manera positiva en los ingresos de las personas del campo. El presente trabajo se realizó en la región sierra norte de Puebla y sierra alta de Hidalgo, específicamente en el área de bosque de coníferas y encino, con la intención de estimar la rentabilidad del carbón vegetal. Los métodos identificados en el área fueron los hornos de mampostería y los hornos tradicionales, esta información se obtuvo mediante la aplicación de encuestas a productores claves de la zona, buscando conocer datos sobre los costos e ingresos de la producción y obtención del carbón vegetal. En base a la información proporcionada se determinó que un horno de mampostería genera 220.39 kg/m3, con un costo de producción de $6.84/kg, teniendo un precio de venta de $10.90/kg, generando un margen de beneficio de $4.06/kg, para este método, se considera 4 meses de producción con una sola carga al mes. Respecto al horno tradicional, se obtuvo una producción de 118 kg/ m3, con un costo de $8.38/kg, asumiendo un precio de venta de $9.33/kg, originando un margen de beneficio de $0.95/kg, de la misma manera, se contemplan 4 meses de producción con una sola carga al mes. Se establecieron diferentes escenarios con la finalidad de conocer la rentabilidad del carbón vegetal, por medio de tres indicadores económicos (B/C, VAN y TIR), por lo que, se planteó diferentes niveles de producción para conocer los beneficios que se pudieran obtener. Como uno de los resultados, se identificó que al utilizar un horno a una capacidad instalada del 100% se obtendrían mejores ganancias que si se utilizara una capacidad instalada de manera progresiva. | ||
| 650 | 4 |
_aCarbón vegetal _xProducción _9126822 |
|
| 650 | 4 |
_aCarbón vegetal _xRendimiento _9136485 |
|
| 650 | 7 |
_aCarbón vegetal _xAspectos económicos _9189550 |
|
| 700 | 1 |
_aBarrios Puente, Gerónimo _910529 _eDirector de tesis. |
|
| 700 | 1 |
_aJolalpa Barrera, José Luis _961950 _eSecretario. |
|
| 700 | 1 |
_aAlberto Miliano, Alejandro _eVocal. _9189082 |
|
| 700 | 1 |
_aGómez Castillo, Ramón _949647 _eSuplente. |
|
| 700 | 1 |
_aÁlvarez González, Evelina _982403 _eSuplente. |
|
| 856 |
_uhttp://10.13.5.2/tesis/tl/1612094-7_RIVERA_SANTIAGO_HILDA.pdf _zDESCARGAR PDF |
||
| 942 |
_2Clasificación Universidad Autónoma Chapingo _cTD |
||
| 999 |
_c220145 _d220145 |
||